Modeling politics with economic tools <a> critical survey of the literature

Salvato in:
Dettagli Bibliografici
Autore principale: Olters, Jean-Peter
Natura: Libro
Lingua:inglese
Pubblicazione: Washington International Monetary Fund 2001
Serie:IMF Working Paper WP/01/10
Soggetti:
Tags: Aggiungi Tag
Nessun Tag, puoi essere il primo ad aggiungerne!!

MARC

LEADER 00000nam a2200000 4500
001 c124812
005 20221221091245.4
041 0 |a eng 
044 |a US 
245 1 0 |a Modeling politics with economic tools  |b <a> critical survey of the literature  |c Jean-Peter Olters 
264 1 |a Washington  |b International Monetary Fund  |c 2001 
300 |a 62 s. 
490 1 |a IMF Working Paper  |v WP/01/10 
830 0 |a IMF Working Paper  |v WP/01/10 
610 2 0 |a modelovanie 
610 2 0 |a politika 
610 2 0 |a nástroje ekonomické 
610 2 0 |a cykly hospodárske 
610 2 0 |a správanie hospodárske 
610 2 0 |a vláda 
100 1 |a Olters, Jean-Peter